[Event "RUS Cup U15 Girls final"]
[Site "Bryansk"]
[Date "2019.01.09"]
[Round "6"]
[White "Svetlova, Ksenia"]
[Black "Zaripova, Arina"]
[Result "1-0"]
[WhiteElo "1757"]
[BlackElo "1688"]
[PlyCount "79"]
[EventDate "2019.01.04"]
[EventType "tourn"]
[EventRounds "7"]
[EventCountry "RUS"]
[SourceTitle "CBM 189 Extra"]
[Source "ChessBase"]
[SourceDate "2019.06.03"]
[SourceVersion "1"]
[SourceVersionDate "2019.06.03"]
[SourceQuality "1"]

1. e4 c5 2. Nf3 d6 3. d4 cxd4 4. Nxd4 Nf6 5. Nc3 a6 6. f3 e5 7. Nb3 Be6 8. Be3 Nbd7 9. Qd2 b5 10. 0-0-0 Rc8 11. Kb1 h5 12. g3 Be7 13. Bd3 Nb6 14. Qf2 Nfd7 15. f4 Bg4 16. Rde1 Nc4 17. f5 Nxe3 18. Rxe3 Bh3 19. Ree1 Nf6 20. Nd5 Nxd5 21. exd5 Rb8 22. Be4 a5 23. Nc1 Bf6 24. Nd3 h4 25. Qf3 g5 26. g4 b4 27. Qxh3 a4 28. Qe3 b3 29. cxb3 axb3 30. a3 Qa5 31. Rc1 0-0 32. Rc6 Rfc8 33. Rhc1 Rxc6 34. Rxc6 Be7 35. Nb4 Rxb4 36. axb4 Qa2+ 37. Kc1 Qa1+ 38. Bb1 Qa4 39. Qb6 e4 40. Qa5 1-0

[Event "Nezhmetdinov Memorial 40th"]
[Site "Kazan"]
[Date "2018.09.21"]
[Round "9"]
[White "Norkin, Yaks"]
[Black "Zaripova, Arina"]
[Result "1-0"]
[WhiteElo "1752"]
[BlackElo "1752"]
[PlyCount "103"]
[EventDate "2018.09.13"]
[EventType "swiss"]
[EventRounds "9"]
[EventCountry "RUS"]
[SourceTitle "CBM 186 Extra"]
[Source "ChessBase"]
[SourceDate "2018.08.24"]
[SourceVersion "1"]
[SourceVersionDate "2018.08.24"]
[SourceQuality "1"]

1. e4 c5 2. c3 d5 3. exd5 Qxd5 4. d4 e6 5. Nf3 Nf6 6. Be2 Be7 7. 0-0 0-0 8. c4 Qd8 9. Nc3 cxd4 10. Nxd4 a6 11. Bf4 Bd7 12. Bf3 Nc6 13. Nxc6 Bxc6 14. Bxc6 bxc6 15. Qf3 Qb6 16. b3 Nd7 17. Rfd1 Qb7 18. Ne4 e5 19. Be3 Qc7 20. Rac1 f5 21. Qh3 Rad8 22. Ng5 Bxg5 23. Bxg5 Rde8 24. Rc2 h6 25. Rcd2 Rf7 26. Be3 Ree7 27. Rd6 f4 28. Bc1 Nf8 29. Ba3 Rd7 30. Qf3 Qa5 31. b4 Qc7 32. c5 Rf6 33. Rxd7 Nxd7 34. Qd3 Nf8 35. Qxa6 Ne6 36. Qc4 Kf8 37. Bb2 Nd4 38. Bxd4 exd4 39. Qxd4 Ke7 40. f3 Kf7 41. a4 Re6 42. b5 Qa5 43. Qxf4+ Kg6 44. Qg4+ Kf6 45. Qd4+ Kg6 46. Qd3+ Kf6 47. Qd8+ Qxd8 48. Rxd8 cxb5 49. axb5 Re1+ 50. Kf2 Rc1 51. c6 Rc5 52. b6 1-0

[Event "Nezhmetdinov Memorial 40th"]
[Site "Kazan"]
[Date "2018.09.19"]
[Round "7"]
[White "Maltsev, Vladimir"]
[Black "Zaripova, Arina"]
[Result "0-1"]
[WhiteElo "2222"]
[BlackElo "1752"]
[PlyCount "98"]
[EventDate "2018.09.13"]
[EventType "swiss"]
[EventRounds "9"]
[EventCountry "RUS"]
[SourceTitle "CBM 186 Extra"]
[Source "ChessBase"]
[SourceDate "2018.08.24"]
[SourceVersion "1"]
[SourceVersionDate "2018.08.24"]
[SourceQuality "1"]

1. d4 Nf6 2. c4 e6 3. Nc3 Bb4 4. Nf3 b6 5. g3 Bb7 6. Bg2 0-0 7. 0-0 Bxc3 8. bxc3 Nc6 9. Nd2 Na5 10. e4 d6 11. Re1 e5 12. Qa4 Re8 13. f3 Bc6 14. Qc2 Bb7 15. Bf1 Qc8 16. Nb3 Nxb3 17. axb3 c5 18. dxe5 dxe5 19. Bg5 Qe6 20. Red1 a5 21. Rd2 h6 22. Be3 Red8 23. Rad1 Qe7 24. Bh3 Bc6 25. Rd3 Ne8 26. b4 axb4 27. Rxd8 Rxd8 28. cxb4 Rxd1+ 29. Qxd1 Qd6 30. Qxd6 Nxd6 31. Bf1 cxb4 32. Bxb6 b3 33. Ba5 b2 34. Bd3 Nxc4 35. Bc3 Ba4 36. Kf2 Bb3 37. Bb1 Na3 38. Bxe5 Nxb1 39. Bxb2 Nd2 40. Ke2 Nc4 41. Bd4 f6 42. g4 Kf7 43. h4 Bc2 44. h5 Ne5 45. Bc5 Bd3+ 46. Ke3 Bf1 47. Bd4 Bg2 48. Kf2 Nxf3 49. Bc3 Bh1 0-1

[Event "Nezhmetdinov Memorial 40th"]
[Site "Kazan"]
[Date "2018.09.15"]
[Round "3"]
[White "Efremov, Vladislav"]
[Black "Zaripova, Arina"]
[Result "1/2-1/2"]
[WhiteElo "2095"]
[BlackElo "1752"]
[PlyCount "97"]
[EventDate "2018.09.13"]
[EventType "swiss"]
[EventRounds "9"]
[EventCountry "RUS"]
[SourceTitle "CBM 186 Extra"]
[Source "ChessBase"]
[SourceDate "2018.08.24"]
[SourceVersion "1"]
[SourceVersionDate "2018.08.24"]
[SourceQuality "1"]

1. d4 Nf6 2. c4 e6 3. Nf3 Bb4+ 4. Bd2 a5 5. a3 Bxd2+ 6. Qxd2 0-0 7. Nc3 d5 8. g3 Nbd7 9. Bg2 c6 10. Qc2 Re8 11. 0-0 dxc4 12. Ne5 Nxe5 13. dxe5 Nd7 14. f4 f6 15. Ne4 fxe5 16. Ng5 g6 17. Qxc4 Qe7 18. Ne4 exf4 19. Rxf4 Rf8 20. Rxf8+ Kxf8 21. h4 h6 22. Qd3 Kg7 23. Rf1 e5 24. h5 Nc5 25. Nxc5 Qxc5+ 26. Kh1 Bf5 27. Qb3 Qe7 28. hxg6 Bxg6 29. Qb6 a4 30. Rd1 Rf8 31. Bh3 Bf5 32. Bxf5 Rxf5 33. Kg2 Rf7 34. Qe3 Qf6 35. Rh1 Qg5 36. Qd3 Qf6 37. Qe3 Qe6 38. Rd1 b5 39. Qc5 Qf6 40. Qe3 Qf5 41. Rh1 h5 42. Rg1 Kg6 43. Rh1 Rf6 44. Rd1 e4 45. Rg1 Qd5 46. Rh1 Qf5 47. Rg1 c5 48. Rc1 c4 49. Rg1 1/2-1/2

[Event "Nezhmetdinov Memorial 40th"]
[Site "Kazan"]
[Date "2018.09.13"]
[Round "1"]
[White "Murtazin, Ruslan"]
[Black "Zaripova, Arina"]
[Result "1/2-1/2"]
[WhiteElo "2295"]
[BlackElo "1752"]
[PlyCount "80"]
[EventDate "2018.09.13"]
[EventType "swiss"]
[EventRounds "9"]
[EventCountry "RUS"]
[SourceTitle "CBM 186 Extra"]
[Source "ChessBase"]
[SourceDate "2018.08.24"]
[SourceVersion "1"]
[SourceVersionDate "2018.08.24"]
[SourceQuality "1"]

1. e4 c5 2. Nf3 d6 3. d4 cxd4 4. Nxd4 Nf6 5. Nc3 a6 6. Bc4 e6 7. 0-0 Be7 8. Be3 0-0 9. f4 Qc7 10. Bb3 Nc6 11. f5 Nxd4 12. Bxd4 b5 13. fxe6 Bxe6 14. Nd5 Bxd5 15. Bxd5 Nxd5 16. exd5 f5 17. Qd3 Qd7 18. Rae1 Bf6 19. Re6 Bxd4+ 20. Qxd4 Rae8 21. Rfe1 Qc8 22. c3 Rxe6 23. dxe6 Qc5 24. Kf2 Qxd4+ 25. cxd4 Rc8 26. d5 Kf8 27. Ke3 Ke7 28. Kf4 Rc4+ 29. Kxf5 Rd4 30. Re2 Rxd5+ 31. Kf4 Rc5 32. b3 Rc6 33. Kf5 g6+ 34. Ke4 Kxe6 35. Kd4+ Kf7 36. Rf2+ Ke7 37. Re2+ Kd7 38. Rf2 Ke7 39. Re2+ Kd7 40. Rf2 Ke7 1/2-1/2

[Event "Tatarstan-ch (Women)"]
[Site "Kazan"]
[Date "2016.09.16"]
[Round "1"]
[White "Zaripova, Arina"]
[Black "Semenova, Anastasia"]
[Result "1/2-1/2"]
[WhiteElo "1517"]
[BlackElo "1890"]
[PlyCount "97"]
[EventDate "2016.09.16"]
[EventType "swiss"]
[EventRounds "7"]
[EventCountry "RUS"]
[SourceTitle "CBM 174 Extra"]
[Source "ChessBase"]
[SourceDate "2016.10.10"]
[SourceVersion "1"]
[SourceVersionDate "2016.10.10"]
[SourceQuality "1"]

1. d4 d5 2. Nf3 Nf6 3. c4 e6 4. Qc2 Nbd7 5. g3 dxc4 6. Qxc4 Nb6 7. Qc2 Bd7 8. Bg2 Bc6 9. Nc3 Nbd5 10. 0-0 Nxc3 11. bxc3 Be7 12. Re1 Be4 13. Qa4+ c6 14. Qb3 Qb6 15. Ne5 Bxg2 16. Kxg2 0-0 17. Bg5 Rfd8 18. e4 c5 19. Nf3 h6 20. Bf4 cxd4 21. Qxb6 axb6 22. cxd4 Bb4 23. Re2 Bc3 24. Rb1 Bxd4 25. Nxd4 Rxd4 26. Rxb6 Rxe4 27. Rxe4 Nxe4 28. Rxb7 Rxa2 29. Be3 g5 30. Rb8+ Kg7 31. Kf3 f5 32. Rb6 Kf6 33. Bd4+ Ke7 34. g4 Ra3+ 35. Be3 Ra2 36. gxf5 exf5 37. Rxh6 g4+ 38. Kf4 Nxf2 39. Kxf5 Ra5+ 40. Kf4 Ra4+ 41. Kg3 Nd3 42. Rh7+ Ke6 43. Ra7 Re4 44. Bg5 Ne5 45. Bf4 Nd3 46. Bg5 Kf5 47. Ra5+ Kg6 48. Bd2 Kf6 49. h3 1/2-1/2